Las huellas del sufrimiento: el desafío de la variedad (Record no. 468449)
[ view plain ]
| 000 -CABECERA | |
|---|---|
| Campo de control de longitud fija | 00453nab a22001457 4500 |
| 003 - IDENTIFICADOR DEL NÚMERO DE CONTROL | |
| Campo de control | ES-SlBCS |
| 005 - FECHA Y HORA DE LA ÚLTIMA TRANSACCIÓN | |
| Campo de control | 20210327224144.0 |
| 008 - CÓDIGOS DE INFORMACIÓN DE LONGITUD FIJA | |
| Campo de control de longitud fija | 160629r2016 sp ||||| |||| 00| 0 spa d |
| 040 ## - FUENTE DE LA CATALOGACIÓN | |
| Centro catalogador del origen | ES-SlBCS |
| Lengua de catalogación | spa |
| 041 ## - CÓDIGO DE LENGUA | |
| Código de lengua del texto/banda sonora o título independiente | spa |
| 100 1# - PUNTO DE ACCESO PRINCIPAL-NOMBRE DE PERSONA | |
| Nombre de persona | Saint-Arnaud, Guy-Robert |
| 9 (RLIN) | 107028 |
| 245 14 - MENCIÓN DE TÍTULO | |
| Título | Las huellas del sufrimiento: el desafío de la variedad |
| Mención de responsabilidad, etc. | Guy-Robert St-Arnaud |
| 773 0# - ENLACE AL DOCUMENTO FUENTE | |
| Parte(s) relacionada(s) | Núm. 366, 2016, págs. 35-48 |
| Título | Concilium |
| Número de control del registro relacionado | Rev134 |
| Número Internacional Normalizado para Publicaciones Seriadas (ISSN) | 0210-1041 |
| 942 ## - ENTRADA DE ELEMENTOS AGREGADOS (KOHA) | |
| Fuente de clasificaión o esquema | |
| Koha [por defecto] tipo de item | Artículos de revista |
| Suprimido | Perdido | Fuente de clasificación o esquema | Estropeado | No para préstamo | Localización permanente | Localización actual | Localización en estantería | Fecha adquisición | Préstamos totales | Fecha última consulta | Fecha del precio de reemplazo | Tipo de item de Koha |
|---|---|---|---|---|---|---|---|---|---|---|---|---|
| San Esteban | San Esteban | Depósito de revistas | 29/06/2016 | 29/06/2016 | 29/06/2016 | Artículos de revista |
